000 00388nam a2200145Ia 4500
008 230917s9999||||xx |||||||||||||| ||und||
040 _e157452
_aMAIN
041 _aEnglish
082 _a005.133 B456D
100 _aBerman, A Michael
245 0 _aData structures via C++: Objects by evolution
260 _aNew Delhi
_bOxford University Press
_c2010
300 _a471 p.
942 _cBK
999 _c155162
_d155162